| 000 | 00637nam a22001817a 4500 | ||
|---|---|---|---|
| 999 |
_c174962 _d174962 |
||
| 005 | 20200803150615.0 | ||
| 010 | _aENG-128301 | ||
| 020 |
_c475.00 _a9789352534104 |
||
| 035 | _aEN-111833 | ||
| 037 | _bDBAD/PUB | ||
| 082 | _a590 | ||
| 100 | _aAgarwal,V K | ||
| 245 |
_aZoology for Degree Students/ _cby V K Agarwal _bComparative Anatomy of Vertebrates/ Physiology II/ BiochemistryII |
||
| 260 |
_aNew Delhi _bS.Chand _c2019 |
||
| 270 |
_aHead Office:7361,Ram Nagar,Qutab Rord _bNew Delhi _e110055 _k23672080 _l91-11-23677446 _minfo@schandpublishing.com |
||
| 300 |
_axiv;738p. _c24cm(pbk) |
||
| 942 |
_2ddc _cEN _h590 _mAGA |
||